Organizacija sistemy Intel 432 : Prevod s angl /

Uložené v:
Podrobná bibliografia
Hlavný autor: Organick, I (Autor)
Médium: Kniha
Vydavateľské údaje: Moskva : Mir, 1987
Tagy: Pridať tag
Žiadne tagy, Buďte prvý, kto otaguje tento záznam!

MARC

LEADER 00000nam a22000003a 4500
001 stu15501
005 20150617225758.0
008 ------s1987----xxr---------------------d
040 |a STU  |b slo 
041 0
044 |a xxr 
080 |a 681.326.32 
100 1 |a Organick, I  |4 aut 
245 1 |a Organizacija sistemy Intel 432 :  |b Prevod s angl /  |c [aut.]Organick,I 
260 |a Moskva :  |b Mir,  |c 1987 
300 |a 446 s :  |b Lit.,index 
996 |b C80395  |c C*80395  |l CCXVI  |s P  |a 0  |w stu15501_0001